000 00608cam a22001697a 4500
008 180718b1993 xxu||||| |||| 00| 0 eng d
020 _a8170331923
082 _aB73x54 C349
100 _aChakrabortty, Krishna
245 _aLeadership, factions and panchayati raj: a case study of West Bengal
_cby Krishna Chakrabortty and Swapan Kumar Bhattacharyya
260 _aNew Delhi
_bRawat
_c1993
300 _a211p.
650 _aRural development --India --West bengal.
650 _aLocal government --India --West Bengal
650 _aPanchayat --India --West Bengal
700 _aBhattacharyya, Swapan Kumar
999 _c358477
_d358477